Aplicación de la declaración y plan de acción de Lima: Situación por paises y contribución de las organizaciones internacionales
Guardat en:
| Autor corporatiu: | |
|---|---|
| Format: | Text |
| Publicat: |
Nueva York:
s.e.
|
| Etiquetes: |
Afegir etiqueta
Sense etiquetes, Sigues el primer a etiquetar aquest registre!
|
MARC
| LEADER | 00000 a a2200000 04500 | ||
|---|---|---|---|
| 001 | 25255 | ||
| 003 | |||
| 040 | |||
| 090 | |a 180600 | ||
| 110 | |a Organización de las Naciones Unidas para el Desarrollo Industrial | ||
| 245 | |a Aplicación de la declaración y plan de acción de Lima: Situación por paises y contribución de las organizaciones internacionales | ||
| 260 | |a Nueva York: |b s.e. | ||
| 300 | |a 67 p | ||
| 999 | |c 6696 |d 6696 | ||
